[Event "Belgrade Trophy 35th"]
[Site "Belgrade"]
[Date "2021.11.27"]
[Round "4"]
[White "Vujovic, Vera"]
[Black "Ilic, Mihajlo Lj"]
[Result "1-0"]
[WhiteElo "1261"]
[BlackElo "1015"]
[PlyCount "87"]
[EventDate "2021.11.24"]
[EventType "swiss"]
[EventRounds "9"]
[EventCountry "SRB"]
[SourceTitle "CBM 205 Extra"]
[Source "ChessBase"]
[SourceDate "2022.01.31"]
[SourceVersion "1"]
[SourceVersionDate "2022.01.31"]
[SourceQuality "1"]

1. e4 c5 2. Nf3 d6 3. d4 cxd4 4. Nxd4 Nf6 5. Nc3 Nc6 6. Bc4 e6 7. Bg5 Be7 8. Ndb5 a6 9. Bxf6 gxf6 10. Nd4 Qc7 11. Bb3 e5 12. Nf5 Bxf5 13. exf5 Nd4 14. Nd5 Qc6 15. Qd3 Rc8 16. 0-0 Rg8 17. f3 Bd8 18. Rae1 Nxb3 19. cxb3 Qc2 20. Qxc2 Rxc2 21. Rf2 Rc5 22. Rd1 Rg5 23. g4 Rc6 24. Rfd2 Be7 25. h4 Rg8 26. b4 b5 27. h5 h6 28. Nc3 Rg7 29. Rd3 Rg8 30. Ne4 Kd7 31. Rxd6+ Rxd6 32. Rxd6+ Bxd6 33. Nxf6+ Ke7 34. Nxg8+ Kf8 35. Nxh6 Kg7 36. g5 Bxb4 37. Ng4 Bd2 38. g6 f6 39. Kf2 a5 40. Ke2 Bg5 41. Kd3 Bc1 42. Kc3 b4+ 43. Kb3 Bd2 44. Ka4 1-0